| 000 | 00893cab a2200265 4500 | ||
|---|---|---|---|
| 001 | WB3510-58 | ||
| 008 | 090401t1999 xxu||||| |||| 00| 0 eng d | ||
| 035 | _a(Sirsi) u91921 | ||
| 041 | _aeng | ||
| 245 | _aEC plans global satellite system | ||
| 260 | _c1999 | ||
| 350 | _a0 | ||
| 490 |
_aFarmer`s Guardian _v5 March 1999, 14(1) |
||
| 520 | _aThe European Commission may set up a global navigational satellite system (GNSS) designed for the EU farming industry, removing the current dependence on US & Russian satellites. This would be based on medium Earth orbit (MEO) satellites, would cost Euro 2.2-2.9bn and is called the Gallileo Project. | ||
| 650 | _aEC | ||
| 650 | _aEU | ||
| 650 | _aFARMING | ||
| 650 | _aGLONASS | ||
| 650 | _aGLOBAL POSITIONING SYSTEMS | ||
| 650 | _aGPS | ||
| 650 | _aSATELLITES | ||
| 690 | _aRURAL PRACTICE | ||
| 942 | _n0 | ||
| 948 | _c10/03/1999 | ||
| 999 |
_c58286 _d58286 |
||